[Event "Budapest FS12 GM"]
[Site "Budapest"]
[Date "1994.??.??"]
[Round "8"]
[White "Gyimesi, Zoltan"]
[Black "Krizsany, Laszlo"]
[Result "1-0"]
[WhiteElo "2430"]
[BlackElo "2395"]

1.d4 d5 2.c4 dxc4 3.e4 c5 4.d5 e6 5.Nc3 exd5 6.Nxd5 Ne7 7.Bg5 Be6 8.Bxc4 h6
9.Bf6 Bxd5 10.Bxd5 Qb6 11.Bc3 Nxd5 12.exd5 Nd7 13.Qe2+ Be7 14.O-O-O Kf8 15.Bxg7+ Kxg7
16.Qxe7 Nf6 17.Qe5 Rae8 18.Qg3+ Kf8 19.Nh3 Re2 20.Qc3 Rg8 21.Rhe1 Rxe1 22.Qxe1 Rxg2
23.d6 Kg7 24.Nf4 Rg4 25.Qe5 Rg5 26.Qe7 Rg4 27.Qxf6+  1-0

[Event "Budapest FS06 IM-A"]
[Site "Budapest"]
[Date "1994.??.??"]
[Round "13"]
[White "Lieb, Harald"]
[Black "Sziebert, Adam"]
[Result "0-1"]
[WhiteElo "2275"]
[BlackElo "2260"]

1.d4 d5 2.c4 dxc4 3.e4 c5 4.d5 Nf6 5.Nc3 b5 6.e5 b4 7.exf6 bxc3 8.bxc3 exf6
9.Bxc4 Bd6 10.Qe2+ Qe7 11.Qxe7+ Kxe7 12.Ne2 Nd7 13.O-O Nb6 14.Bb3 Re8 15.Be3 Ba6
16.Rfe1 c4 17.Bxb6 cxb3 18.Ng3+ Kd7 19.Rxe8 b2 20.Rb1 Rxe8 21.Be3 Rb8 22.c4 Bxc4
23.Bd4 Ba3  0-1

[Event "Buenos Aires m rapid"]
[Site "Buenos Aires"]
[Date "1994.??.??"]
[Round "1"]
[White "Karpov, Anatoly"]
[Black "Spangenberg, Hugo"]
[Result "1-0"]
[WhiteElo "2740"]
[BlackElo "2510"]

1.d4 d5 2.c4 dxc4 3.e4 e5 4.Nf3 exd4 5.Bxc4 Bb4+ 6.Bd2 Bxd2+ 7.Nbxd2 Qf6
8.O-O Ne7 9.e5 Qg6 10.Nxd4 Nbc6 11.N2f3 O-O 12.e6 fxe6 13.Nb5 Rd8 14.Qb1 Qxb1
15.Raxb1 Nd5 16.Rbd1 Rb8 17.Rfe1 Nb6 18.Bb3 Rxd1 19.Rxd1 Nd5 20.h3 Nce7 21.Ne5 c6
22.Nxa7 Ra8 23.Nxc8 Nxc8 24.Re1 Nd6 25.Nf3 Re8 26.Ng5 e5 27.Rd1 h6 28.Nf3 e4
29.Nh2 e3 30.fxe3 Rxe3 31.Bxd5+ cxd5 32.Kf2 Re5 33.Nf3 Ne4+ 34.Ke3 Nc3+ 35.Nxe5 Nxd1+
36.Kd4 Nxb2 37.Kxd5 Nd1 38.Kd4 Kf8 39.Nd7+ Ke7 40.Nc5 b5 41.Ne4 b4 42.g4 Ke6
43.h4 g6 44.Nc5+ Kf6 45.Nd3 h5 46.gxh5 gxh5 47.Nxb4 Nb2 48.Nd3 Na4 49.Nc5 Nb6
50.Ke4 Nc4 51.a4 Na5 52.Kf4 Kg6 53.Ke5 Nc4+ 54.Ke6 Na5 55.Nd3 Nb3 56.Ne5+ Kg7
57.Kd5 Kf6 58.Nc6 Kg6 59.Kc4 Nd2+ 60.Kc3 Ne4+ 61.Kd4 Nd6 62.a5 Kf5 63.a6 Kg4
64.Kc5 Ne4+ 65.Kb6 Kxh4 66.a7 Kg3 67.a8=Q  1-0

[Event "Buenos Aires m rapid"]
[Site "Buenos Aires"]
[Date "1994.??.??"]
[Round "3"]
[White "Karpov, Anatoly"]
[Black "Spangenberg, Hugo"]
[Result "1-0"]
[WhiteElo "2740"]
[BlackElo "2510"]

1.d4 d5 2.c4 dxc4 3.e4 e5 4.Nf3 exd4 5.Bxc4 Bb4+ 6.Bd2 Bxd2+ 7.Nbxd2 Qf6
8.O-O Ne7 9.e5 Qg6 10.Nxd4 Nbc6 11.N2f3 O-O 12.e6 fxe6 13.Nb5 Nd5 14.Bxd5 exd5
15.Nxc7 Rb8 16.Qxd5+ Kh8 17.Rae1 Bg4 18.Ne5 Nxe5 19.Qxe5 Rbd8 20.Re3 Rd2
21.Qc5 Qf6 22.h3 b6 23.Qb4 Rd4 24.Qa3 Bc8 25.Ne8 Qf5 26.Nd6 Qc5 27.Nxc8 Rxc8
28.Qxa7 Rd2 29.Qf7 h6 30.Rc3 Qf8 31.Rxc8 Qxc8 32.Re1 Rd8 33.Re7 Qc1+ 34.Kh2 Qxb2
35.f4 Rg8 36.f5 Qd4 37.Kg3 Qd3+ 38.Kg4 Qd1+ 39.Kg3 Qd3+ 40.Kf2 Qd2+ 41.Kf3 Qd3+
42.Re3 Qd1+ 43.Kg3 Qd6+ 44.Kg4 Qd4+ 45.Kf3 Qd1+ 46.Kf2 Qd2+ 47.Re2 Qd4+ 48.Kf1 Qd1+
49.Re1 Qd3+ 50.Kg1 Qd4+ 51.Kh1 Qc3 52.Re8 Qc1+ 53.Kh2 Qf4+ 54.Kg1 Qc1+ 55.Kf2 Qd2+
56.Kg3 Qd3+ 57.Kh4 Qd4+ 58.g4 Rxe8 59.Qxe8+ Kh7 60.Kh5 Qc3 61.h4 Qc5 62.Qg6+ Kg8
63.Qe6+ Kh7 64.g5 hxg5 65.hxg5 Qf8 66.a4 Qb8 67.Kg4 Qh2 68.g6+  1-0

[Event "Buenos Aires PRENAJ"]
[Site "Buenos Aires"]
[Date "1994.??.??"]
[Round "5"]
[White "Saldano, Horacio"]
[Black "Piscicelli, Daniel"]
[Result "1-0"]
[WhiteElo "2275"]
[BlackElo "2340"]

1.d4 d5 2.c4 dxc4 3.e4 c5 4.d5 Nf6 5.Nc3 e6 6.Bxc4 exd5 7.exd5 Bd6 8.Qe2+ Kf8
9.Nf3 a6 10.a4 Bg4 11.h3 Bh5 12.O-O Nbd7 13.Qe1 h6 14.Be2 Qc7 15.Be3 Rd8
16.Rc1 Qb8 17.Nd2 Bxe2 18.Qxe2 g6 19.Nc4 Kg7 20.a5 Rde8 21.Qf3 Ne5 22.Qe2 Nxc4
23.Qxc4 Rc8 24.Na4 Nd7 25.Nb6 Nxb6 26.axb6 Rhe8 27.Rc2 f5 28.Rfc1 Re4 29.Qc3+ Be5
30.Qd2 Rh4 31.f3 c4 32.b3 c3 33.Rxc3  1-0

[Event "CAN-ch"]
[Site "CAN"]
[Date "1994.??.??"]
[Round "8"]
[White "Koliada, Timour"]
[Black "Livshits, Ron"]
[Result "0-1"]
[WhiteElo "2345"]
[BlackElo "2370"]

1.d4 d5 2.c4 dxc4 3.e4 e5 4.Nf3 exd4 5.Bxc4 Bb4+ 6.Bd2 Bxd2+ 7.Nbxd2 Nc6
8.O-O Nf6 9.e5 Nd5 10.Qb3 Na5 11.Qb5+ c6 12.Qc5 Qb6 13.Qxd4 Qxd4 14.Nxd4 Nxc4
15.Nxc4 Ke7 16.f4 c5 17.Nb3 b6 18.Nd6 f6 19.Rf2 Be6 20.Rd1 fxe5 21.fxe5 Rhf8
22.Rfd2 Nb4 23.Nb5 Rfd8 24.Nc7 Rxd2 25.Rxd2 Rc8 26.Nxe6 Kxe6 27.Rd6+ Ke7
28.a3 Nc6 29.Rd2 Rd8 30.Rc2 Rd3 31.Nc1 Rd1+ 32.Kf2 Nd4 33.Rc4 Rd2+ 34.Kg3 Rxb2
35.Rc3 Ke6 36.Kf4 Rxg2 37.Rh3 h6 38.a4 Rc2 39.Nd3 Ra2 40.Ke4 Re2+ 41.Kf4 g5+
42.Kg4 Re4+ 43.Kh5 Rh4+ 44.Rxh4 gxh4 45.Kxh6 c4 46.Nc1 Kxe5 47.Kh5 a6 48.Kxh4 b5
49.axb5 axb5 50.Kg3 b4 51.Na2 b3 52.Nc3 b2 53.h4 Nb5 54.Nb1 c3  0-1

[Event "Capablanca mem-A"]
[Site "?"]
[Date "1994.??.??"]
[Round "8"]
[White "Spangenberg, Hugo"]
[Black "Lima, Darcy"]
[Result "1-0"]
[WhiteElo "2510"]
[BlackElo "2500"]

1.d4 d5 2.c4 dxc4 3.e4 c5 4.d5 Nf6 5.Nc3 e6 6.Bxc4 exd5 7.exd5 a6 8.a4 Bd6
9.Qe2+ Qe7 10.Qxe7+ Kxe7 11.Bg5 h6 12.Bh4 Bf5 13.Nge2 g5 14.Bg3 Bxg3 15.Nxg3 Bg6
16.O-O-O Kd6 17.Bd3 Nbd7 18.Bxg6 fxg6 19.h4 g4 20.h5 gxh5 21.Nxh5 Rae8 22.Ng3 Re5
23.f4 gxf3 24.gxf3 Kc7 25.f4 Re3 26.Nf5 Rf3 27.Ne7 h5 28.a5 b5 29.axb6+ Kxb6
30.Rh4 Rg3 31.Re1 Rg4 32.Rh3 c4 33.Na4+ Kb5 34.Ra3 Re8 35.Re6 Rg1+ 36.Kc2 Rg2+
37.Kb1 Rg1+ 38.Ka2  1-0

[Event "Cappelle op"]
[Site "Cappelle la Grande"]
[Date "1994.??.??"]
[Round "6"]
[White "Peek, Marcel"]
[Black "Howell, James C"]
[Result "0-1"]
[WhiteElo "2300"]
[BlackElo "2495"]

1.d4 d5 2.c4 dxc4 3.e4 e5 4.Nf3 exd4 5.Bxc4 Bb4+ 6.Bd2 Bxd2+ 7.Nbxd2 Nc6
8.O-O Qf6 9.e5 Qg6 10.Re1 Nge7 11.Re4 O-O 12.Nxd4 Nxd4 13.Rxd4 Nc6 14.Re4 Bf5
15.Re3 Rad8 16.Qe1 Nb4 17.Rc1 Be6 18.Ne4 Nxa2 19.Bxa2 Bxa2 20.Rxc7 Qb6 21.Rc2 Bb3
22.Rd2 Rxd2 23.Qxd2 Rc8 24.Nc3 Bc4 25.h3 Rd8 26.Qc2 Qc5 27.Ne4 Qd5 28.Ng5 Qd1+
29.Qxd1 Rxd1+ 30.Kh2 h6 31.Rc3 b5 32.b3 hxg5 33.bxc4 b4 34.Rb3 a5 35.Kg3 Rd4
36.c5 Rc4  0-1

[Event "CZE-ch (Women)"]
[Site "Chrudim"]
[Date "1994.??.??"]
[Round "5"]
[White "Boskova, H."]
[Black "Krupkova, M."]
[Result "1/2-1/2"]
[WhiteElo "1820"]
[BlackElo "1940"]

1.d4 d5 2.c4 dxc4 3.e4 c5 4.Qa4+ Nc6 5.d5 Qa5+ 6.Qxa5 Nxa5 7.Bd2 b6 8.Bxa5 bxa5
9.Bxc4 Bd7 10.Nd2 g6 11.Ngf3 Bg7 12.Rb1 a4 13.O-O Nh6 14.h3 O-O 15.b4 axb3
16.Nxb3 Rfc8 17.Nbd2 Rab8 18.Rxb8 Rxb8 19.Rb1 Rxb1+ 20.Nxb1  1/2-1/2

[Event "Clichy"]
[Site "Clichy"]
[Date "1994.??.??"]
[Round "9"]
[White "Verat, Laurent"]
[Black "Shirazi, Kamran G"]
[Result "0-1"]
[WhiteElo "2295"]
[BlackElo "2395"]

1.d4 d5 2.c4 dxc4 3.e4 Nc6 4.Nf3 Bg4 5.Be3 Nf6 6.Nc3 e6 7.Bxc4 Bb4 8.e5 Nd5
9.Rc1 O-O 10.O-O Bxf3 11.Qxf3 Nb6 12.Bd3 Bxc3 13.Rxc3 Nd5 14.Rcc1 Nce7 15.h4 h6
16.Qe4 f5 17.exf6 Rxf6 18.g4 Qd6 19.g5 hxg5 20.hxg5 Rg6 21.Qg4 Nf5 22.Bd2 Rf8
23.Rce1 c6 24.Kg2 Nf6 25.Qh3 Qd5+ 26.Kh2 Qd6+ 27.Kh1 Qxd4 28.gxf6 Rfxf6 29.Rg1 Qd5+
30.Kh2 Qd6+ 31.Kh1 Rh6 32.Bxh6 Rxh6 33.Bxf5 exf5 34.Qxh6 Qxh6+ 35.Kg2 Qd2
36.Re8+ Kf7 37.Rge1 Qxb2 38.R1e2 Qb4 39.Rd8 Qg4+ 40.Kf1 f4 41.Re4 Qh3+ 42.Ke2 Qh5+
43.f3 Qh2+ 44.Kd3 Qg3 45.Rd7+ Kf6 46.Kd4 Qxf3 47.Rd6+ Kf7 48.Ke5 Qh5+ 49.Kd4 c5+
50.Kc4 Qf5 51.Re1 Qc2+  0-1

[Event "DEN-chT9394"]
[Site "DEN"]
[Date "1994.??.??"]
[Round "6"]
[White "Christiansen, Jens Jorgen"]
[Black "Clausen, Steen"]
[Result "1/2-1/2"]
[WhiteElo "2270"]
[BlackElo "2285"]

1.d4 d5 2.c4 dxc4 3.e4 e5 4.Nf3 exd4 5.Bxc4 Nc6 6.O-O Be7 7.Qb3 Na5 8.Qa4+ c6
9.Bd3 b5 10.Qc2 Be6 11.b3 Qb6 12.Bb2 Rd8 13.Nbd2 Nf6 14.a3 c5 15.Rfc1 h6
16.b4 cxb4 17.axb4 Bxb4 18.Qc7 Qxc7 19.Rxc7 a6 20.Ba3 Bxa3 21.Rxa3 Nc4 22.Rxa6 O-O
23.Nxc4 bxc4 24.Bxc4 Bxc4 25.Rxc4 d3 26.Nd2 Ra8 27.Rca4 Rxa6 28.Rxa6 Rc8
29.Ra1  1/2-1/2

[Event "Elenite"]
[Site "Elenite"]
[Date "1994.??.??"]
[Round "5"]
[White "Gurevich, Mikhail"]
[Black "Greenfeld, Alon"]
[Result "1-0"]
[WhiteElo "2620"]
[BlackElo "2600"]

1.d4 d5 2.c4 dxc4 3.e4 Nf6 4.e5 Nd5 5.Bxc4 Nb6 6.Bd3 Nc6 7.Be3 Be6 8.Nc3 Qd7
9.Nf3 O-O-O 10.O-O Nb4 11.Be2 f5 12.a3 N4d5 13.a4 Nxc3 14.bxc3 h6 15.a5 Nc4
16.Bc1 a6 17.Qc2 Bd5 18.Ra4 Qc6 19.Qxf5+ e6 20.Qc2 Be7 21.Ra1 g5 22.Qa4 Qb5
23.Nd2 Nxd2 24.Bxb5 axb5 25.Qxb5 Bc4 26.Qa4 Bb3 27.Bxd2 Bxa4 28.Rxa4  1-0

[Event "Elenite"]
[Site "Elenite"]
[Date "1994.??.??"]
[Round "8"]
[White "Vyzmanavin, Alexey"]
[Black "Greenfeld, Alon"]
[Result "1/2-1/2"]
[WhiteElo "2610"]
[BlackElo "2600"]

1.d4 d5 2.c4 dxc4 3.e4 Nf6 4.e5 Nd5 5.Bxc4 Nb6 6.Bb3 Nc6 7.Ne2 Bf5 8.Nbc3 e6
9.a3 Qd7 10.O-O Be7 11.Be3 O-O-O 12.Rc1 Na5 13.Ba2 Nac4 14.Ng3 Bg6 15.Qe2 Nxe3
16.fxe3 Kb8 17.Rfd1 Nd5 18.e4 Nxc3 19.bxc3 h5 20.Nf1 Qc6 21.Re1 Bh4 22.g3 Bg5
23.Rc2 h4 24.g4 f6 25.exf6 gxf6 26.h3 a6  1/2-1/2

[Event "RUS-ch"]
[Site "Elista"]
[Date "1994.??.??"]
[Round "1"]
[White "Tunik, Gennady"]
[Black "Kharlov, Andrei"]
[Result "1-0"]
[WhiteElo "2450"]
[BlackElo "2530"]

1.d4 d5 2.c4 dxc4 3.e4 Nf6 4.e5 Nd5 5.Bxc4 Nb6 6.Bb3 Bf5 7.Nc3 e6 8.Nge2 Be7
9.O-O Nc6 10.a3 Qd7 11.Be3 O-O-O 12.Ba2 f6 13.f4 h6 14.Qe1 fxe5 15.fxe5 Bg5
16.Bf2 h5 17.Kh1 Qe7 18.Bg1 h4 19.h3 Rhf8 20.b4 Qe8 21.Bb3 Qg6 22.Ra2 Kb8
23.Rf3 Qh6 24.Na4 Nxa4 25.Bxa4 Ne7 26.Nc3 Bf4 27.Ne2 g5 28.Nxf4 gxf4 29.Bb3 Bg6
30.Bxe6 Bh5 31.Bg4 Bxg4 32.hxg4 Qe6 33.d5 Qxd5 34.Bc5 Qxa2 35.Bxe7 h3 36.Rxh3 f3
37.gxf3 Rh8 38.Rxh8 Rxh8+ 39.Bh4 Qxa3 40.Kg2 Qa2+ 41.Kg3 Qe6 42.Bf6 Rg8 43.Qe4 b5
44.g5 a5 45.bxa5 Ka7 46.Qd4+ Ka6 47.Qc5 Qd7 48.Qc3 Rc8 49.g6 c5 50.g7 Qd5
51.Qe3 Re8 52.e6 Kxa5 53.Qe5 Qc6 54.f4 Qc8 55.f5 b4 56.Qd6 b3 57.Bc3+ Kb5
58.Qd7+ Kc4 59.Qxc8 Rxc8 60.Bb2 Kd5 61.Kf4 c4 62.Bc3 Rb8 63.e7 Kd6 64.Be5+  1-0

[Event "RUS-ch"]
[Site "Elista"]
[Date "1994.??.??"]
[Round "3"]
[White "Notkin, Maksim"]
[Black "Kharlov, Andrei"]
[Result "1/2-1/2"]
[WhiteElo "2465"]
[BlackElo "2530"]

1.d4 d5 2.c4 dxc4 3.e4 Nf6 4.e5 Nd5 5.Bxc4 Nb6 6.Bb3 Bf5 7.Nc3 e6 8.Nge2 Be7
9.O-O O-O 10.Be3 Na6 11.Ng3 Bg6 12.Nce4 Nb4 13.a3 N4d5 14.Rc1 Nxe3 15.fxe3 Nd7
16.Ba4 c6 17.Qe2 Qa5 18.Bc2 Rad8 19.b4 Qc7 20.Nc5 a5 21.Bxg6 hxg6 22.Qg4 Nxc5
23.bxc5 b6 24.Ne4 bxc5 25.Nxc5 Rd5 26.Nd3 Bxa3 27.Rc2 Rb5 28.Nf4 Qd7 29.Rcf2 Rb3
30.h4 Rxe3 31.h5 Qxd4 32.hxg6 Rxe5 33.Qh4 fxg6 34.Nxg6 Qxh4 35.Rxf8+ Kh7
36.Nxh4 Bxf8 37.Rxf8 a4 38.Ra8 Re1+ 39.Kf2 Ra1 40.Nf3 a3 41.Ng5+ Kg6 42.Nxe6 Kf5
43.Nd4+ Ke4 44.Nxc6 Kd5 45.Ne7+ Kc4 46.Nf5 a2  1/2-1/2

[Event "RUS-ch"]
[Site "Elista"]
[Date "1994.??.??"]
[Round "5"]
[White "Sherbakov, Ruslan"]
[Black "Ibragimov, Ildar"]
[Result "1/2-1/2"]
[WhiteElo "2510"]
[BlackElo "2480"]

1.d4 d5 2.c4 dxc4 3.e4 Nf6 4.e5 Nd5 5.Bxc4 Nb6 6.Bb3 Nc6 7.Ne2 Bf5 8.Nbc3 e6
9.O-O Be7 10.Be3 Qd7 11.Ng3 Bg6 12.f4 O-O-O 13.d5 exd5 14.Bxb6 axb6 15.f5 Nxe5
16.Nxd5 Bc5+ 17.Kh1 c6 18.Nc3 Nd3 19.Nce4 Qd4 20.Qf3 f6 21.Rad1 Be8 22.Bc2 Qxb2
23.Bxd3 Bf7 24.Rc1 Bd4 25.Bc4 Bxc4 26.Rxc4 Qxa2 27.Rfc1 Be5 28.h3 Rd7 29.R4c2 Qa5
30.Ne2 Bc7 31.N4g3 Rhd8 32.Nf4 Qe5 33.Ra2 Rd2 34.Ra8+ Kd7 35.Rxd8+ Kxd8 36.Ne6+ Kc8
37.Nf1 Rd5 38.Qa3 c5 39.Qa8+ Bb8 40.Qa4 Rd7 41.Rd1 Bd6 42.Qg4 b5 43.Nxg7 Qf4
44.Ne6 Qxg4 45.hxg4 Be7 46.Rc1 c4 47.g5 fxg5 48.g4 Rd3 49.Kg2 c3 50.Kf2 b4
51.Ke2 Rd5 52.Ng3 Kd7 53.Ke3 b6 54.Ne4 h5 55.gxh5 Rxf5 56.Nd4 Rf4 57.Nf3 Rf5
58.Nd4 Rf4 59.Nf3 Rf5 60.Nd4 Rf4  1/2-1/2

[Event "FIN-chT"]
[Site "?"]
[Date "1994.??.??"]
[Round "?"]
[White "Lehtivaara, Petri"]
[Black "Koskinen, Henri"]
[Result "1-0"]
[WhiteElo "2275"]
[BlackElo "2275"]

1.d4 d5 2.c4 dxc4 3.e4 e5 4.Nf3 Bb4+ 5.Bd2 Bxd2+ 6.Nbxd2 exd4 7.Bxc4 Nc6
8.O-O Qf6 9.Re1 Nge7 10.e5 Qg6 11.Ne4 Bg4 12.e6 f6 13.Ng3 O-O 14.Rc1 Rab8
15.h3 Bxf3 16.Qxf3 Rfe8 17.Bd3 Qg5 18.Qe4 Ng6 19.b4 Qf4 20.b5 Nce5 21.Red1 c6
22.bxc6 bxc6 23.Bc4 Rb2 24.Qxd4 Nxc4 25.Rxc4 Rxf2 26.Qxf4 Rxf4 27.Rxc6 Ne5
28.Ra6 Rxe6 29.Rxa7 h6 30.Nh5  1-0

[Event "FRA-chT "]
[Site "FRA"]
[Date "1994.??.??"]
[Round "8"]
[White "Kouatly, Bachar"]
[Black "Tersarkissoff, Jean Jacques"]
[Result "1-0"]
[WhiteElo "2480"]
[BlackElo "2120"]

1.d4 d5 2.c4 dxc4 3.e4 c5 4.d5 Nf6 5.Nc3 b5 6.f3 e6 7.Nxb5 exd5 8.e5 Be6
9.exf6 Nc6 10.Bf4 Qa5+ 11.Nc3 O-O-O 12.Qa4 Qxa4 13.Nxa4 g5 14.Bxg5 Bd6 15.Rc1 Rhe8
16.Kf2 Bd7 17.Nc3 Be6 18.b3 d4 19.Ne4 cxb3 20.axb3 Bc7 21.Nxc5 d3 22.Bxd3 Bb6
23.Be4 Bd5 24.Be3 Bxe4 25.Nxe4 Rd2+ 26.Ne2 Kb8 27.Bxb6  1-0

[Event "BL2-W9394"]
[Site "Germany"]
[Date "1994.??.??"]
[Round "?"]
[White "Gruenberg, Hans Ulrich"]
[Black "Heinbuch, Detlef"]
[Result "1-0"]
[WhiteElo "2460"]
[BlackElo "2370"]

1.d4 d5 2.c4 dxc4 3.e4 c5 4.Nf3 Nf6 5.e5 Nd5 6.Bxc4 Nb6 7.Bb3 e6 8.O-O Bd7
9.dxc5 Bxc5 10.Nc3 Bc6 11.Qe2 Qc7 12.Bf4 h6 13.Rac1 Qe7 14.Ne4 N8d7 15.Bg3 O-O-O
16.Nd6+ Kb8 17.Rfd1 Ka8 18.Nd4 Bxd4 19.Rxd4 Nd5 20.Bxd5 exd5 21.Nf5 Qf8 22.b4 Nb6
23.b5 Bd7 24.Nd6 Be6 25.f4 g6 26.Bf2 Nc4 27.Rdxc4 Rxd6 28.Ra4 Rd7 29.Bxa7 b6
30.Bxb6+ Kb8 31.Bc5 Qd8 32.b6  1-0

[Event "Oberliga Nord O9495"]
[Site "Germany"]
[Date "1994.??.??"]
[Round "?"]
[White "Mihok, Laszlo"]
[Black "Grottke, Hans Joachim"]
[Result "0-1"]
[WhiteElo "2270"]
[BlackElo "2255"]

1.d4 d5 2.c4 dxc4 3.e4 c5 4.Nf3 cxd4 5.Qxd4 Qxd4 6.Nxd4 Bd7 7.Bxc4 Nc6 8.Be3 Nf6
9.f3 e6 10.Nc3 Bc5 11.Rd1 Rc8 12.Bb3 Ne5 13.Ke2 O-O 14.Nc2 Bxe3 15.Nxe3 Rfd8
16.Rd2 Bc6 17.Rhd1 Rxd2+ 18.Rxd2 Kf8 19.g3 Ned7 20.Nc4 Ke7 21.Na5 Nc5 22.Nxc6+ Rxc6
23.Bc2 e5 24.f4 exf4 25.gxf4 Ne6 26.Ke3 g5 27.f5 Nf4 28.Ba4 Ng4+ 29.Kf3 Ne5+
30.Kg3 Rc5 31.Bb3 f6 32.Nd5+ Nxd5 33.Bxd5 b6 34.h4 g4 35.h5 h6 36.Bb3 Rc8
37.Rc2 Rxc2 38.Bxc2 Kd6 39.Kf4 Kc5 40.Ke3 a5 41.Bb3 b5 42.a4 b4 43.Bd5 g3
44.b3 g2 45.Kf2 Ng4+ 46.Kg1 Kd4 47.Bb7 Ne3 48.Bc6 Ke5 49.Bb7 Kf4 50.Bc6 Nf1
51.Kxg2 Nd2 52.Bd5 Nxe4 53.Be6 Nd6 54.Kf2 Nxf5 55.Bf7 Ng3 56.Bg6 f5 57.Bf7 Ne4+
58.Kg2 Ke3 59.Be6 f4 60.Bg4 Nd2  0-1

[Event "Groningen op"]
[Site "Groningen"]
[Date "1994.??.??"]
[Round "1"]
[White "Van Laatum, Gozewijn"]
[Black "Mathonia, Claude"]
[Result "1-0"]
[WhiteElo "2410"]
[BlackElo "2220"]

1.d4 d5 2.c4 dxc4 3.e4 Nc6 4.Nf3 Bg4 5.Bxc4 Bxf3 6.Qxf3 Nf6 7.d5 Nd4 8.Qd1 e5
9.dxe6 Bb4+ 10.Nd2 Nxe4 11.exf7+ Kf8 12.a3 Qg5 13.axb4 Qxg2 14.Rf1 Nxd2 15.Kxd2 Rd8
16.Kc3 b5 17.Be3 c5 18.Qh5 cxb4+ 19.Kxb4 a5+ 20.Ka3 Qc6 21.Bxd4 Rxd4 22.Qxb5 Rxc4
23.Qxc6 Rxc6 24.Rac1 Rxc1 25.Rxc1 Kxf7 26.Rc5 Re8 27.Rxa5 Re2 28.Rf5+ Ke6
29.Rf3 Kd5 30.Rf7 g6 31.Kb3 Re4 32.Rxh7 Rf4 33.Rd7+ Kc6 34.Rg7 Rf3+ 35.Ka4 Rf4+
36.b4 Rxf2 37.Rxg6+ Kb7 38.Rh6 Rf5 39.b5 Rf1 40.b6 Rb1 41.Ka5 Ra1+ 42.Kb5 Rb1+
43.Kc5 Rc1+ 44.Kd5 Rd1+ 45.Ke5 Re1+ 46.Kf5 Rf1+ 47.Kg5 Rg1+ 48.Kh5 Rg2 49.h4 Rc2
50.Rf6 Rg2 51.Kh6 Kc8 52.Rf7  1-0

[Event "Groningen op"]
[Site "Groningen"]
[Date "1994.??.??"]
[Round "1"]
[White "Dive, Russell John"]
[Black "Sermek, Drazen"]
[Result "0-1"]
[WhiteElo "2315"]
[BlackElo "2515"]

1.d4 d5 2.c4 dxc4 3.e4 e5 4.d5 Nf6 5.Nc3 c6 6.Bxc4 Bb4 7.Qd3 O-O 8.Ne2 b5
9.Bb3 Na6 10.a3 Nc5 11.Qc2 Bxc3+ 12.Nxc3 Nxb3 13.Qxb3 cxd5 14.exd5 Bb7 15.Qxb5 Rb8
16.Bg5 h6 17.Bxf6 Qxf6 18.Qc5 Ba6 19.O-O-O Rfc8 20.Qe3 Qd6 21.h4 e4 22.Rh3 Bd3
23.Rxd3 exd3 24.Qxd3 Rb3 25.Qd4 Rcb8 26.Rg3 f6 27.Qxa7 R3b7 28.Qa4 Rxb2 29.Re3 f5
30.h5 R2b3 31.Re8+ Kh7 32.Rxb8 Rxb8 33.g4 Qc5 34.Qc2 Qxa3+ 35.Kd1 Qa1+ 36.Qc1 Qxc1+
37.Kxc1 fxg4 38.Kd2 g6  0-1

[Event "Groningen op"]
[Site "Groningen"]
[Date "1994.??.??"]
[Round "3"]
[White "Notkin, Maksim"]
[Black "Biebinger, Gerhard"]
[Result "1-0"]
[WhiteElo "2465"]
[BlackElo "2310"]

1.d4 d5 2.c4 dxc4 3.e4 Nf6 4.e5 Nd5 5.Bxc4 Nc6 6.Bb3 e6 7.Nf3 h6 8.a3 Nce7
9.O-O Bd7 10.Nc3 Bc6 11.Be3 Nf5 12.Qe2 Be7 13.Bc2 a6 14.Bd3 Bg5 15.Bxf5 exf5
16.e6 f6 17.Ne5 fxe5 18.Qh5+ Ke7 19.Qf7+ Kd6 20.dxe5+ Kxe5 21.f4+ Kd6 22.Nxd5 Rf8
23.Qxg7 Bxd5 24.Qe5+  1-0

[Event "Groningen op"]
[Site "Groningen"]
[Date "1994.??.??"]
[Round "7"]
[White "Bilciu, Claudia"]
[Black "Mathonia, Claude"]
[Result "0-1"]
[WhiteElo "2145"]
[BlackElo "2220"]

1.d4 d5 2.c4 dxc4 3.e4 Nc6 4.d5 Ne5 5.f4 Nd3+ 6.Bxd3 cxd3 7.Qxd3 e6 8.Nc3 exd5
9.Qxd5 Qxd5 10.Nxd5 Bd6 11.Be3 Nf6 12.Nxf6+ gxf6 13.Ne2 Bd7 14.Bd4 Rg8 15.Ng3 Rg6
16.O-O O-O-O 17.Be3 Rdg8 18.a3 Bc6 19.Rae1 h5 20.Rf2 h4 21.Nf5 Bxe4 22.Nxh4 Rg4
23.Nf3 Bxf3 24.Rxf3 Rxg2+ 25.Kh1 Rxb2 26.Bd4 Ra2 27.Bxf6 Rgg2 28.Rh3 Bxf4
29.Re8+ Kd7 30.Re7+ Kc6 31.Rxf7 Rxh2+ 32.Rxh2 Rxh2+ 33.Kg1 Ra2 34.Bd4 Bh2+
35.Kh1 a6 36.Rf3 Bd6  0-1

[Event "Groningen op"]
[Site "Groningen"]
[Date "1994.??.??"]
[Round "11"]
[White "Pliester, Leon"]
[Black "Mamedova, Rena"]
[Result "0-1"]
[WhiteElo "2380"]
[BlackElo "2155"]

1.d4 d5 2.c4 dxc4 3.e4 Nc6 4.Nf3 Bg4 5.Be3 Nf6 6.Nc3 Bxf3 7.gxf3 e5 8.d5 Ne7
9.Bxc4 Ng6 10.Qb3 Bd6 11.Qxb7 O-O 12.Qb3 Nh4 13.Be2 Nh5 14.O-O-O Qf6 15.Rdg1 Nf4
16.Qd1 Rfb8 17.Rg3 Bb4 18.Na4 c6 19.Bc4 cxd5 20.Bxd5 Nxd5 21.Qxd5 Nxf3 22.Kb1 Rd8
23.Qc4 Nd2+ 24.Bxd2 Bxd2 25.Rd1 Rac8 26.Nc5 Qxf2 27.Rd3 Rxd3 28.Nxd3 Rxc4
29.Nxf2 Rd4 30.Ng4 Bf4 31.Rxd4 exd4 32.h3 Bg3  0-1

[Event "Groningen op"]
[Site "Groningen"]
[Date "1994.??.??"]
[Round "11"]
[White "Van Laatum, Gozewijn"]
[Black "Krallmann, Matthias"]
[Result "1/2-1/2"]
[WhiteElo "2410"]
[BlackElo "2275"]

1.d4 d5 2.c4 dxc4 3.e4 c5 4.Nf3 cxd4 5.Qxd4 Qxd4 6.Nxd4 Bd7 7.Bxc4 Nc6 8.Be3 Nf6
9.f3 e6 10.Nd2 Bc5 11.N2b3 Nxd4 12.Nxd4 Rc8 13.Be2 Ke7 14.Kf2 Rhd8 15.Rac1 Bb6
16.Nb3 Bxe3+ 17.Kxe3 Rxc1 18.Rxc1 Rc8 19.Rxc8 Bxc8 20.f4 b6 21.Bf3 Bb7 22.e5 Nd5+
23.Kd4 Bc6 24.Nd2 Nb4 25.Bxc6 Nxc6+ 26.Kc4 a6 27.b4 Nb8 28.a4 Nd7 29.Kd4 f6
30.Nc4 fxe5+ 31.fxe5 Kd8 32.Nd6 Nb8 33.Ke4  1/2-1/2

[Event "Harkany op"]
[Site "Harkany"]
[Date "1994.??.??"]
[Round "2"]
[White "Kragelj, Igor"]
[Black "Fancsy, Imre"]
[Result "1/2-1/2"]
[WhiteElo "2230"]
[BlackElo "2415"]

1.d4 d5 2.c4 dxc4 3.e4 Nc6 4.Be3 Nf6 5.Nc3 e5 6.d5 Ne7 7.Bxc4 Ng6 8.f3 a6
9.Nge2 Bd6 10.Qd2 Bd7 11.Bb3 Qe7 12.Rc1 O-O 13.O-O Rac8 14.Rfd1 h6 15.Na4 b6
16.Nac3 b5 17.a3 Ra8 18.Ng3 Nh4 19.Kh1 Kh7 20.Qf2 Ne8 21.Bc2 g6 22.Nge2 g5
23.Ng3 Ng7 24.Bd3 Kh8 25.Qc2 Qf6 26.Rf1 Rac8 27.Na2 c5 28.dxc6 Rxc6 29.Qf2 Rfc8
30.Rxc6 Rxc6 31.Nc3 Be6 32.Nd5 Qd8 33.Rd1 f5 34.Bb6 Qc8 35.Bb1 Rc1 36.Qe1 Rxd1
37.Qxd1 Qb8 38.Bf2 f4 39.Ne2 Ng6  1/2-1/2

[Event "Hastings op9495"]
[Site "Hastings"]
[Date "1994.??.??"]
[Round "?"]
[White "Arkell, Keith C"]
[Black "Duncan, Christopher R"]
[Result "1/2-1/2"]
[WhiteElo "2470"]
[BlackElo "2300"]

1.d4 d5 2.c4 dxc4 3.e4 c5 4.Nf3 cxd4 5.Qxd4 Qxd4 6.Nxd4 Bd7 7.Bxc4 Nc6 8.Nxc6 Bxc6
9.Nc3 e6 10.Be3 Nf6 11.f3 a6 12.Rc1 Be7 13.Kf2 O-O 14.g4 Rac8 15.Bb3 Nd7
16.Ne2 Ne5 17.Rc2 Bb5 18.Nd4 Rxc2+ 19.Bxc2 Rc8 20.Bb1 Be8 21.Ke2 Nc4 22.Rc1 Bd7
23.b3 Nxe3 24.Rxc8+ Bxc8 25.Kxe3 Bd6  1/2-1/2

[Event "Horgen SKA"]
[Site "Horgen"]
[Date "1994.??.??"]
[Round "3"]
[White "Petursson, Margeir"]
[Black "Magem Badals, Jorge"]
[Result "0-1"]
[WhiteElo "2540"]
[BlackElo "2520"]

1.d4 d5 2.c4 dxc4 3.e4 Nf6 4.e5 Nd5 5.Bxc4 Nb6 6.Bb3 Nc6 7.Ne2 Bf5 8.Nbc3 e6
9.O-O Be7 10.Be3 Qd7 11.Ng3 Bg6 12.f4 Na5 13.d5 Nxb3 14.axb3 O-O 15.dxe6 Qxd1
16.exf7+ Bxf7 17.Raxd1 Bxb3 18.Rde1 Nd5 19.Nxd5 Bxd5 20.f5 Bb4 21.Rd1 c6
22.e6 Rae8 23.Bxa7 g6 24.Rd4 Bd6 25.Rg4 Ra8 26.Be3 Ra2 27.Bc1 Bc5+ 28.Kh1 Ra1
29.b4 Bd6 30.Re1 Ra2 31.Ne4 Bxb4 32.Rg1 Rxf5 33.Ng3 Rff2 34.Rxb4 Rxg2 35.Rxg2 Rxg2
36.Rd4 Rc2+ 37.Kg1 Rxc1+ 38.Kf2 Bxe6 39.Ne4 Rc4 40.Rd8+ Kg7 41.Nd6 Rc2+ 42.Kg3 b5
43.Re8 Kf6 44.Kf4 g5+ 45.Ke3 Bd5  0-1

[Event "Isle of Man op"]
[Site "Isle of Man"]
[Date "1994.??.??"]
[Round "2"]
[White "Flear, Glenn C"]
[Black "Sadler, Matthew"]
[Result "1/2-1/2"]
[WhiteElo "2505"]
[BlackElo "2560"]

1.d4 d5 2.c4 dxc4 3.e4 e5 4.Nf3 exd4 5.Bxc4 Bb4+ 6.Nbd2 Nc6 7.O-O Nf6 8.e5 Nd5
9.a3 Be7 10.Qb3 Na5 11.Qa4+ Nc6 12.Nxd4 Nb6 13.Nxc6 Nxa4 14.Nxd8 Bxd8 15.f4 Nb6
16.Ba2 Be6 17.Bxe6 fxe6 18.Ne4 Be7 19.Be3 O-O-O 20.Bc5 Bxc5+ 21.Nxc5 Rhe8
22.Rab1 Rd1 23.Rbxd1 Nc4 24.Rd4 Nxb2 25.Nxb7 Kxb7 26.Rb4+ Kc6 27.Rxb2 Rd8
28.Rc2+ Kb6 29.Rb2+ Kc6 30.Rc2+ Kb6 31.Rb2+ Kc6  1/2-1/2

[Event "Isle of Man op"]
[Site "Isle of Man"]
[Date "1994.??.??"]
[Round "5"]
[White "Sadler, Matthew"]
[Black "Shaw, John"]
[Result "1-0"]
[WhiteElo "2560"]
[BlackElo "2310"]

1.d4 d5 2.c4 dxc4 3.e4 Nf6 4.e5 Nd5 5.Bxc4 Nb6 6.Bd3 Nc6 7.Be3 Nb4 8.Be4 c6
9.Nd2 Be6 10.Ngf3 Qd7 11.Nb3 Bxb3 12.Qxb3 e6 13.O-O Be7 14.Rfd1 N4d5 15.Bd2 a5
16.a3 h6 17.Rac1 Kf8 18.h4 g6 19.Bb1 Kg7 20.g3 a4 21.Qd3 Rac8 22.h5 gxh5
23.Kg2 Rcg8 24.Rh1 Kf8 25.Rxh5 Rg4 26.Nh2 Rg7 27.Rxh6 Rhg8 28.Rh7 Bg5 29.Rxg7 Rxg7
30.Nf3 Bxd2 31.Qxd2 Nc8 32.Qh6 Nce7 33.Ng5 Ng6 34.Nh7+ Kg8 35.Bxg6 fxg6 36.Nf6+ Nxf6
37.exf6 Rh7 38.Qxg6+ Kf8 39.Rh1  1-0